000 00554nam a2200193 i 4500
001 99402
003 ES-MaACL
005 20250823063055.0
007 t|
008 050908s1981 sp ||||1| spa d
100 0 _aMartín Santos, Luis,
_d1921-1988
_977652
245 1 0 _aMax Scheler
_b: (Crítica de un resentimiento) /
_cLuis Martín Santos.
260 _aMadrid :
_bAkal,
_c1981.
300 _a135 p. ;
_c21 cm.
490 1 _aEpistéme
830 0 _aEpistéme
_9184529
852 _aES-MaACL
_jL-1014
_bR.101760
999 _c99402
_d99402